00214nam a2200085Ia 4500001000800000005001700008008004100025245004000066260002200106115171020250827011053.0250824s9999 xx 000 0 und d 0aKORKAK KAHRAMAN cMUZAFFER İZGÜ bBİLGİ ÇOCUK